Представление документа в формате RUSMARC

ПолеНазваниеЗначение
  Тип записи a
  Библиографический уровень m
001 Контрольный номер 834020f0883d4c9d88990abf49fb7855
005 Дата корректировки 20141017121313.5
010 Индекс ISBN __
a ISBN 5-9268-0271-7
101 Язык документа 0_
a Язык текста rus
102 Страна публикации __
a Страна публикации RU
200 Заглавие и сведения об ответственности 1_
a Заглавие Теория и практика командообразования. Современная технология создания команд
b Общее обозначение материала Текст
f Первые сведения об ответственности Т.Д. Зинкевич-Евстигнеева, Д.Ф. Фролов, Т.М. Грабенко; под ред. Т.Д. Зинкевич-Евстигнеевой
210 Выходные данные 1_
a Место издания СПб
c Издательство Речь
d Дата издания 2004
215 Физическое описание __
a Объем 304 с.
610 Ключевые слова 0_
a Ключевые слова основы командообразования
a Ключевые слова организация работы в команде
a Ключевые слова практика командообразования
686 Индексы других классификаций __
a Классификационный индекс 65.240
700 Автор _1
a Фамилия Зинкевич-Евстигнеева Т.Д., Фролов Д.Ф., Грабенко Т.М.
801 Источник записи _0
a Страна RU
b Организация РУК
g Правила каталогизации PSBO
801 Источник записи _1
a Страна RU
b Организация РУК
g Правила каталогизации PSBO
852 Данные о местонахождении __
i Авторский знак З-63
j Шифр хранения ББК 65.240
901 Тип документа __
t Тип документа m
937 Технологическая информация __
a Создатель записи (имя) ОрловаОВ
938 Служебная информация __
a Название организации Смоленский филиал